Hablamos la misma lengua. Historia política del español en América, desde la conquista a las independencias.
Zapisane w:
| 1. autor: | |
|---|---|
| Format: | Nieznany |
| Język: | angielski |
| Wydane: |
Barcelona, España:
Crítica,
2017
|
| Wydanie: | Primera edición. |
| Hasła przedmiotowe: | |
| Etykiety: |
Dodaj etykietę
Nie ma etykietki, Dołącz pierwszą etykiete!
|
MARC
| LEADER | 00000 a2200000 4500 | ||
|---|---|---|---|
| 003 | CL-VaPUC | ||
| 005 | 20240617131416.0 | ||
| 008 | 210518b2017 ||||| |||| 00| 0 eng d | ||
| 999 | |c 435643 |d 435641 | ||
| 020 | |a 978-84-17067-35-9 | ||
| 040 | |c Pontificia Universidad Católica de Valparaíso | ||
| 082 | |a 467.98 MUÑ 2017 | ||
| 100 | |a Muñoz Machado, Santiago |e autor |9 295515 | ||
| 245 | |a Hablamos la misma lengua. |b Historia política del español en América, desde la conquista a las independencias. | ||
| 250 | |a Primera edición. |b Segunda reimpresión. | ||
| 260 | |a Barcelona, España: |b Crítica, |c 2017 | ||
| 300 | |a 826 páginas | ||
| 500 | |a C.1-3-4 Donación 17-5-2022 | ||
| 583 | |k Cristina María Rojas Aguilar |c 20210518 | ||
| 650 | 0 | |a Lengua española |z América |x Historia |9 314728 | |
| 650 | 0 | |a Lengua española |x Aspectos políticos |z América |x Historia |9 869318 | |
| 650 | 0 | |a Lengua española |x Provincialismos |z América |x Historia |9 869319 | |
| 942 | |2 ddc |c BK | ||
| 952 | |0 0 |1 0 |2 ddc |4 0 |6 467_980000000000000_MUÑ_2017 |7 0 |8 A |9 583102 |a BIBDER |b BIBDER |c GEN |d 2022-05-17 |e Donación |i 5651261 |l 1 |o 467.98 MUÑ 2017 |p 5651261 |r 2023-07-11 |s 2023-07-11 |t 3 |w 2022-05-17 |y BK |k DER | ||
| 952 | |0 0 |1 0 |2 ddc |4 0 |6 467_980000000000000_MUÑ_2017 |7 0 |8 A |9 583103 |a BIBHIS |b BIBHIS |c GEN |d 2022-05-17 |e Donación |i 5651249 |o 467.98 MUÑ 2017 |p 5651249 |r 2025-01-20 |t 1 |w 2022-05-17 |y BK |k HIS | ||
| 952 | |0 0 |1 0 |2 ddc |4 0 |6 467_980000000000000_MUÑ_2017 |7 0 |8 A |9 583104 |a BIBEDU |b BIBEDU |c GEN |d 2022-05-17 |e Donación |i 5651262 |o 467.98 MUÑ 2017 |p 5651262 |r 2022-05-17 |t 4 |w 2022-05-17 |y BK |k LIT | ||
| 952 | |0 0 |1 0 |2 ddc |4 0 |6 467_980000000000000_MUÑ_2017 |7 0 |8 A |9 583106 |a BIBDER |b BIBDER |c GEN |d 2022-05-17 |e 2 |g 59803.00 |i 5651260 |o 467.98 MUÑ 2017 |p 5651260 |r 2023-01-25 |t 2 |v 59803.00 |w 2022-05-17 |y BK |k DER | ||